| 000 | 00000cam 2200000zi 4500 |
| 001 | 9.963353 |
| 003 | CaOODSP |
| 005 | 20260605140913 |
| 006 | m o d f |
| 007 | cr |n||||||||| |
| 008 | 260605s1990 onc ob f000 0 fre d |
| 040 | |aCaOODSP|bfre|erda|cCaOODSP |
| 043 | |an-cn--- |
| 086 | 1 |aJS82-109/1990F-PDF |
| 245 | 03|aLa création de choix : |brapport du Groupe d'étude sur les femmes purgeant une peine fédérale. |
| 264 | 1|a[Ottawa] : |b[Service correctionnel Canada], |c[1990] |
| 300 | |a1 ressource en ligne (169 pages) |
| 336 | |atexte|btxt|2rdacontent/fre |
| 337 | |ainformatique|bc|2rdamedia/fre |
| 338 | |aressource en ligne|bcr|2rdacarrier/fre |
| 500 | |aÉdition numérisée de l'imprimé [par Sécurité publique Canada]. |
| 500 | |aPublié aussi en anglais sous le titre : Creating choices : the report of the Task Force on Federally Sentenced Women. |
| 504 | |aComprend des références bibliographiques. |
| 650 | 6|aPrisons de femmes|zCanada. |
| 650 | 6|aPrisonnières|zCanada. |
| 650 | 6|aCriminelles|xRéhabilitation|zCanada. |
| 710 | 2 |aService correctionnel Canada, |eorganisme de publication. |
| 775 | 08|tCreating choices : |w(CaOODSP)9.957924 |
| 856 | 40|qPDF|s5.19 Mo|uhttps://publications.gc.ca/collections/collection_2026/sp-ps/JS82-109-1990-fra.pdf |